header

Building interactive queries with LINQPad (Record no. 35376)

MARC details
000 -LEADER
fixed length control field 01106nam a2200289Ia 4500
100 1# - MAIN ENTRY--AUTHOR NAME
Personal name Finot, Sebastien.
245 10 - TITLE STATEMENT
Title Building interactive queries with LINQPad
260 ## - PUBLICATION, DISTRIBUTION, ETC. (IMPRINT)
Place of publication Birmingham, UK :
Name of publisher Packt Pub.,
Year of publication 2013.
300 ## - PHYSICAL DESCRIPTION
Number of Pages iv, 112 p. :
Other physical details ill.
500 ## - GENERAL NOTE
General note Includes index.
650 #0 - SUBJECT ADDED ENTRY--TOPICAL TERM
Topical Term Query languages (Computer science)
856 40 - ELECTRONIC LOCATION AND ACCESS
Uniform Resource Identifier http://site.ebrary.com/lib/rucke/Doc?id=10742636

No items available.

© 2026 Rongo University
Contact us: librarian | system librarian | Rongo university